[Event "80th ch-St Petersburg SF w"]
[Site "St Petersburg RUS"]
[Date "2012.02.05"]
[Round "9.3"]
[White "Kolesnikova,K"]
[Black "Zavgorodniaya,A"]
[Result "0-1"]
[WhiteElo "1926"]
[BlackElo "1873"]
[WhiteFideId "4100174"]
[BlackFideId "4169956"]
[EventDate "2012.01.28"]

1. e4 e5 2. Nf3 Nc6 3. Bc4 Bc5 4. d3 d6 5. c3 a6 6. Bb3 Nf6 7. Nbd2 Ba7 8. O-O
O-O 9. h3 Ne7 10. Re1 Ng6 11. Nf1 Be6 12. Be3 Bxe3 13. Nxe3 Bxb3 14. Qxb3 Rb8
15. Nf5 Re8 16. Rad1 Qd7 17. Qc2 h6 18. Kh2 Qe6 19. c4 c5 20. Qd2 Ne7 21. N3h4
Nxf5 22. Nxf5 Kh7 23. Rg1 Ng8 24. Rb1 Ne7 25. g4 Ng6 26. g5 h5 27. Rg3 Nf4 28.
Rbg1 g6 29. Ne3 b5 30. Nd5 Nxd5 31. cxd5 Qe7 32. Rf3 Rb7 33. Rf6 Rf8 34. Rg3 Kg7
35. Qa5 Ra8 36. Rgf3 Qd8 37. Qd2 Rd7 38. Rg3 b4 39. f4 exf4 40. Qxf4 Qe7 41. Rf3
Re8 42. h4 a5 43. Kg2 Rf8 44. Rf2 Kg8 45. Rc2 Re8 46. Kf3 Qd8 47. Ke3 b3 48.
axb3 Qb6 49. Rc4 Red8 50. Qf2 Qxb3 51. Qc2 Qb6 52. Ra4 Rb8 53. Ra2 c4+ 54. Ke2
cxd3+ 55. Qxd3 Qg1 56. Rf2 Rdb7 57. Qd4 Qb1 58. Qc4 Rb4 59. Qc7 Rxe4+ 60. Kf3
Rb3+ 61. Kg2 Rg4+ 62. Kh2 Qg1# 0-1

[Event "80th ch-St Petersburg SF w"]
[Site "St Petersburg RUS"]
[Date "2012.02.05"]
[Round "9.4"]
[White "Katyshkina,A"]
[Black "Efremova,D"]
[Result "1-0"]
[WhiteElo "1983"]
[BlackElo "1931"]
[WhiteFideId "4169891"]
[BlackFideId "24104906"]
[EventDate "2012.01.28"]

1. e4 c5 2. Nf3 Nc6 3. Bc4 e6 4. O-O d5 5. exd5 exd5 6. Re1+ Be6 7. Bf1 Bd6 8.
d4 Nf6 9. Nc3 O-O 10. h3 h6 11. Be3 c4 12. a3 a6 13. Ne2 Qc7 14. g3 Ne4 15. Nf4
g5 16. Nxe6 fxe6 17. Bg2 Qf7 18. Qe2 Rae8 19. Nh2 e5 20. Ng4 Qe6 21. Bxe4 exd4
22. Bxg5 dxe4 23. Nxh6+ Kg7 24. Ng4 Rf3 25. Rad1 Qg6 26. Bh6+ Kh7 27. Qxc4 Ne5
28. Qxd4 Rxg3+ 29. Kf1 Rg1+ 30. Ke2 Rxe1+ 31. Rxe1 Nf3 32. Nf6+ Kxh6 33. Qxd6
Rc8 34. Ng4+ Kh5 35. Qxg6+ Kxg6 36. Rc1 Kf5 37. Ne3+ Kf4 38. Rd1 Rh8 39. Rd7 b5
40. Rf7+ Kg5 41. Rf5+ Kg6 42. Rf4 Ng1+ 43. Kf1 Nxh3 44. Rxe4 Ng5 45. Rd4 Rh1+
46. Ke2 Rb1 47. Rd6+ Kf7 48. Nd1 Rc1 49. Rc6 Ne6 50. Kd2 1-0

[Event "80th ch-St Petersburg SF w"]
[Site "St Petersburg RUS"]
[Date "2012.02.05"]
[Round "9.6"]
[White "Tskhadadze,A"]
[Black "Rybakova,Polina"]
[Result "1/2-1/2"]
[WhiteElo "1842"]
[BlackElo "1778"]
[WhiteFideId "4165098"]
[BlackFideId "24178829"]
[EventDate "2012.01.28"]

1. Nf3 Nf6 2. g3 g6 3. Bg2 Bg7 4. O-O O-O 5. d3 d6 6. e4 Nbd7 7. h3 c6 8. Be3
Ne8 9. c3 d5 10. Nbd2 dxe4 11. Nxe4 Nef6 12. Nfd2 Nxe4 13. Nxe4 Ne5 14. Bd4 f5
15. Qb3+ Kh8 16. Ng5 Qe8 17. Bxe5 Bxe5 18. Rfe1 Bf6 19. Ne6 Bxe6 20. Rxe6 Qd7
21. Rae1 Qxd3 22. Qxb7 Rab8 23. Qxa7 Rxb2 24. Rxc6 Qd2 25. Qe3 Qxe3 26. Rxe3
Rxa2 27. Rc7 Rd8 28. Re1 Rdd2 29. Rf1 Rac2 30. Bb7 Rxc3 31. Rxc3 Bxc3 32. Kg2
Kg7 33. Bf3 Bd4 34. h4 e5 35. Kg1 h6 36. Bc6 f4 37. gxf4 exf4 38. Bf3 h5 39. Kg2
Kf6 40. Be4 g5 41. hxg5+ Kxg5 42. Kf3 Rxf2+ 43. Rxf2 Bxf2 44. Kxf2 h4 45. Kg2
f3+ 1/2-1/2

[Event "80th ch-St Petersburg SF w"]
[Site "St Petersburg RUS"]
[Date "2012.02.05"]
[Round "9.8"]
[White "Gudkina,Zhanna"]
[Black "Pavlova,Vitalia"]
[Result "1-0"]
[WhiteElo "1829"]
[BlackElo "1613"]
[WhiteFideId "24102318"]
[BlackFideId "24179108"]
[EventDate "2012.01.28"]

1. e4 e5 2. Nf3 Nc6 3. Bb5 a6 4. Ba4 d6 5. Bxc6+ bxc6 6. d4 exd4 7. Nxd4 Bb7 8.
Nc3 Nf6 9. O-O Be7 10. Re1 O-O 11. Nf5 Re8 12. Qf3 Bc8 13. Nd4 Bd7 14. Bg5 Rb8
15. b3 c5 16. Nf5 Bxf5 17. Qxf5 Nd7 18. Bxe7 Qxe7 19. Nd5 Qd8 20. f4 c6 21. Nc3
Nf6 22. Rad1 d5 23. e5 Nd7 24. Ne4 g6 25. Qh3 f5 26. Ng5 h5 27. Qc3 Rb4 28. e6
Nf8 29. Nf7 d4 30. Qxc5 Qb6 31. Qxb6 Rxb6 32. Ng5 c5 33. Re5 Rc6 34. Rde1 Nh7
35. Nxh7 Kxh7 36. Rd5 Kg7 37. Rd7+ Kf6 38. Rf7# 1-0

[Event "80th ch-St Petersburg SF w"]
[Site "St Petersburg RUS"]
[Date "2012.02.05"]
[Round "9.9"]
[White "Dobronravina,Anna"]
[Black "Yusupova,L"]
[Result "1/2-1/2"]
[WhiteElo "1687"]
[BlackElo "1618"]
[WhiteFideId "24138592"]
[BlackFideId "24106879"]
[EventDate "2012.01.28"]

1. Nf3 c5 2. g3 Nc6 3. Bg2 g6 4. O-O Bg7 5. e4 e5 6. d3 Nge7 7. Nc3 O-O 8. Nd5
d6 9. Bg5 h6 10. Bd2 Be6 11. c4 Qd7 12. a3 Bh3 13. b4 Bxg2 14. Kxg2 Nxd5 15.
exd5 Nd4 16. Nxd4 exd4 17. Re1 Rae8 18. Qb3 b6 19. a4 a6 20. a5 b5 21. bxc5 dxc5
22. cxb5 Qxb5 23. Qxb5 axb5 24. Rxe8 Rxe8 25. a6 Ra8 26. a7 g5 27. h4 f6 28.
hxg5 hxg5 29. f4 Bh6 30. Kf3 Kf7 31. Kg4 gxf4 32. gxf4 Bf8 33. Ra6 b4 34. Kf5
Be7 35. d6 Bd8 36. Ke4 b3 37. Bc1 Ke6 38. f5+ Kd7 39. Kd5 Kc8 40. Kxc5 Kb7 41.
Ra3 Bb6+ 42. Kc4 Bxa7 43. Rxb3+ Kc6 44. Bf4 Bc5 45. Bd2 Ra4+ 46. Bb4 Bxd6 47.
Rb2 Bc5 48. Rb3 Bd6 49. Rb2 Bc5 1/2-1/2

[Event "80th ch-St Petersburg SF w"]
[Site "St Petersburg RUS"]
[Date "2012.02.05"]
[Round "9.10"]
[White "Toporkova,S"]
[Black "Elizarova,T"]
[Result "1/2-1/2"]
[WhiteElo "1643"]
[BlackElo "1678"]
[WhiteFideId "4169930"]
[BlackFideId "24128350"]
[EventDate "2012.01.28"]

1. d4 Nf6 2. c4 e6 3. Nc3 Bb4 4. Qc2 O-O 5. Bg5 h6 6. Bh4 c5 7. dxc5 Na6 8. a3
Bxc3+ 9. Qxc3 Nxc5 10. Bxf6 Qxf6 11. Qxf6 gxf6 12. b4 Na4 13. g3 b6 14. Bg2 Rb8
15. Nf3 Bb7 16. O-O Rfc8 17. Rac1 Kf8 18. Nd4 Bxg2 19. Kxg2 a6 20. g4 Ke7 21.
Rc2 Rc7 22. f4 Rbc8 23. Rfc1 d6 24. e3 Rh8 25. Kf3 Rg8 26. h3 Kd7 27. Ke4 Rgc8
28. f5 e5 29. Ne2 b5 30. Kd3 bxc4+ 31. Ke4 Ke7 32. Nc3 Nxc3+ 33. Rxc3 Rd7 34.
Kd5 Rb7 35. Rd1 a5 36. bxa5 Rb5+ 37. Ke4 Rxa5 38. Rd5 Rxd5 39. Kxd5 Rc5+ 40. Ke4
d5+ 41. Kf3 Kd6 42. Kg3 Rb5 43. Kh4 Rb3 44. Rc1 Rxa3 45. e4 Re3 46. exd5 Kxd5
47. Ra1 c3 48. Ra7 c2 49. Rc7 Re2 50. Kh5 Kd4 51. Kxh6 Rh2 52. Kg7 Kd3 53. Kxf6
Rxh3 54. Kxe5 Kd2 55. Rxc2+ Kxc2 1/2-1/2

[Event "80th ch-St Petersburg SF w"]
[Site "St Petersburg RUS"]
[Date "2012.02.05"]
[Round "9.11"]
[White "Skafar,Darya"]
[Black "Sorokina,Svetlana"]
[Result "1-0"]
[WhiteElo "1738"]
[BlackElo "1622"]
[WhiteFideId "24167169"]
[BlackFideId "24166006"]
[EventDate "2012.01.28"]

1. e4 e5 2. Nf3 Nc6 3. Bb5 a6 4. Ba4 d6 5. Bxc6+ bxc6 6. d4 Bg4 7. dxe5 Bxf3 8.
Qxf3 dxe5 9. O-O Nf6 10. Nc3 g6 11. b3 Bg7 12. Ba3 Nd7 13. Rad1 Bf6 14. Rxd7
Qxd7 15. Qxf6 Rg8 16. Qxe5+ Qe6 17. Qxc7 Qd7 18. Qf4 O-O-O 19. Na4 Qc7 20. e5
Rge8 21. Bd6 Qa7 22. Qc4 1-0

[Event "FSGM February"]
[Site "Budapest HUN"]
[Date "2012.02.07"]
[Round "4.1"]
[White "Annageldyev,O"]
[Black "Horvath,Dav"]
[Result "1/2-1/2"]
[WhiteTitle "GM"]
[WhiteElo "2396"]
[BlackElo "2383"]
[WhiteFideId "14000016"]
[BlackFideId "704890"]
[EventDate "2012.02.04"]

1. e4 e6 2. d4 d5 3. Nc3 Bb4 4. exd5 exd5 5. Bd3 c6 6. Qf3 Qf6 7. Bf4 Ne7 8. Ne2
O-O 9. O-O h6 10. Ng3 Ng6 11. Nh5 Qh4 12. Bxb8 Rxb8 13. Qg3 Qxg3 14. hxg3 Bg4
15. Nf4 Nxf4 16. gxf4 Rfe8 17. f3 Bd7 18. Kf2 Bd6 19. g3 g6 20. Nd1 h5 21. Ne3
h4 22. gxh4 Bxf4 23. Rfe1 Kg7 24. Ng2 Bd6 25. Rxe8 Rxe8 26. Rh1 Rh8 27. f4 f6
28. Kf3 g5 29. f5 Be8 30. Kf2 gxh4 31. Nxh4 Bd7 32. Rg1+ Kf7 33. Rg4 Rh5 34. c4
Rg5 35. Kf3 Rxg4 36. Kxg4 dxc4 37. Bxc4+ Kg7 38. Be6 Be8 39. Ng2 Kh6 40. Kf3 Kg5
41. Ke4 c5 42. dxc5 Bxc5 43. Nf4 Bd6 44. Nh3+ Kg4 45. Nf2+ Kg3 46. Nd3 Bh5 47.
Kd5 Bf8 48. Bc8 Bf7+ 49. Be6 Be8 50. Kd4 b6 51. Kd5 Bh5 52. b4 Bf3+ 53. Kd4 Bh6
54. Bd5 Be3+ 55. Kxe3 Bxd5 56. Nf4 Bxa2 57. Nh5+ Kg4 58. Nxf6+ Kxf5 59. Ne4 Ke5
60. Nd2 Kd5 61. Kd3 Kc6 62. Kc3 Bd5 63. Nf1 Kb5 64. Ne3 Be6 65. Nc2 Ka4 66. Nd4
Bd7 67. Nc2 Bc6 68. Nd4 Be4 69. Ne6 Ka3 70. Nd4 a6 71. Ne6 Bf5 72. Nc7 Bc8 73.
b5 axb5 74. Nxb5+ 1/2-1/2

[Event "FSGM February"]
[Site "Budapest HUN"]
[Date "2012.02.09"]
[Round "6.6"]
[White "Varga,Zo"]
[Black "Semiev,S"]
[Result "1-0"]
[WhiteTitle "GM"]
[BlackTitle "IM"]
[WhiteElo "2452"]
[BlackElo "2386"]
[WhiteFideId "700509"]
[BlackFideId "14000865"]
[EventDate "2012.02.04"]

1. e4 d6 2. d4 Nf6 3. f3 c6 4. c4 Nbd7 5. Nc3 e5 6. Be3 Be7 7. d5 O-O 8. Nh3 Re8
9. Qd2 Nf8 10. Nf2 Ng6 11. Nd3 Bf8 12. Be2 a6 13. O-O c5 14. Rfb1 Qc7 15. b4 b6
16. a4 a5 17. bxc5 bxc5 18. Nb5 Qd8 19. Bf1 Nd7 20. g3 Ra6 21. h4 Be7 22. h5
Ngf8 23. h6 g6 24. g4 Kh8 25. Nc1 Nf6 26. Nb3 N8d7 27. Ra2 Ng8 28. Qc3 Rf8 29.
Rg2 Ngf6 30. Bd2 Nb6 31. Nxc5 dxc5 32. Qxe5 Nd7 33. Qa1 Kg8 34. e5 Ne8 35. f4 f6
36. d6 Bxd6 37. exd6 Nxd6 38. Rd1 Ne4 39. Be1 Re6 40. Re2 Bb7 41. Bg2 Re7 42.
Rd3 Qa8 43. Nc7 Qc8 44. Nd5 1-0

[Event "FSGM February"]
[Site "Budapest HUN"]
[Date "2012.02.11"]
[Round "8.1"]
[White "Annageldyev,O"]
[Black "Manca,F"]
[Result "1-0"]
[WhiteTitle "GM"]
[BlackTitle "IM"]
[WhiteElo "2396"]
[BlackElo "2425"]
[WhiteFideId "14000016"]
[BlackFideId "800171"]
[EventDate "2012.02.04"]

1. e4 c6 2. d4 d5 3. e5 c5 4. dxc5 Nc6 5. Nf3 Bg4 6. h3 Bxf3 7. Qxf3 e6 8. b4
Nxb4 9. Bb5+ Nc6 10. O-O Bxc5 11. Qg3 g6 12. Nd2 Ne7 13. Nb3 Bb6 14. Bg5 Qc7 15.
Bf6 Rg8 16. a4 a6 17. a5 Ba7 18. Bxc6+ Qxc6 19. Qh4 Nf5 20. Qb4 Qb5 21. Qa3 Rc8
22. g4 Rxc2 23. gxf5 gxf5+ 24. Kh1 Bc5 25. Nxc5 Qxc5 26. Qxc5 Rxc5 27. Rab1 Rc7
28. Rb4 Kd7 29. Rh4 Kc8 30. Rxh7 d4 31. Rd1 Rc2 32. Bh4 d3 33. Rxd3 Rc1+ 34. Kh2
f4 35. Rxf7 Rcg1 36. Bg3 1-0

[Event "FSFMA1 February"]
[Site "Budapest HUN"]
[Date "2012.02.04"]
[Round "1.1"]
[White "Vecsernyes,N"]
[Black "Bogad,P"]
[Result "1-0"]
[WhiteElo "1892"]
[BlackElo "2118"]
[WhiteFideId "717568"]
[BlackFideId "733237"]
[EventDate "2012.02.04"]

1. d4 e6 2. c4 b6 3. Nc3 Bb7 4. e4 Bb4 5. f3 f5 6. Bd3 Qh4+ 7. g3 Qh5 8. exf5
exf5 9. Bf4 Na6 10. Qe2+ Ne7 11. c5 Nb8 12. Bxc7 Nc6 13. Bd6 O-O 14. Bc4+ Kh8
15. O-O-O Rfe8 16. Qd3 Na5 17. Nb5 Nxc4 18. Qxc4 Nd5 19. Bf4 bxc5 20. Nd6 cxd4
21. Nxe8 Rc8 22. Nc7 d6 23. Kb1 Rxc7 24. Qb5 a6 25. Qd3 Bc5 26. Bd2 Nb6 27. Re1
Bd5 28. b4 Bc4 29. Qa3 Bd5 30. bxc5 Nc4 31. Qd3 Rb7+ 32. Ka1 Rb2 33. cxd6 Rxa2+
34. Kxa2 Ne5+ 35. Ka1 Nxd3 36. d7 Nxe1 37. d8=Q+ Bg8 38. Bxe1 Qh6 39. Ne2 Qe3
40. Qxd4 Qxe2 41. Bd2 Qxf3 42. Kb2 Qxh1 43. h4 Qg2 44. Qd3 Qb7+ 45. Kc1 Qc6+ 46.
Bc3 Qh1+ 47. Kd2 Qg2+ 48. Kc1 Qg1+ 49. Kd2 Qf2+ 50. Kc1 f4 51. gxf4 Qxf4+ 52.
Kb2 Qxh4 53. Qxa6 Qf2+ 54. Kc1 Qe3+ 55. Bd2 Qc5+ 56. Kb2 h5 57. Bc3 Qf2+ 58. Kc1
Qf3 59. Kb2 Qf2+ 60. Ka1 Qe3 61. Kb2 h4 62. Qg6 Qe7 63. Qg4 Qb7+ 64. Kc1 Bh7 65.
Kd2 Qd5+ 66. Bd4 Qa5+ 67. Bc3 Qa2+ 68. Ke3 Qa7+ 69. Bd4 Qe7+ 70. Kd2 Qb4+ 71.
Ke2 Qc4+ 72. Ke3 Qd3+ 73. Kf2 Qd2+ 74. Kg1 Qe1+ 75. Kh2 Qd2+ 76. Kg1 Qh6 77. Kh2
Qd6+ 78. Kh3 1-0

[Event "FSFMA1 February"]
[Site "Budapest HUN"]
[Date "2012.02.07"]
[Round "4.5"]
[White "Nazarov,R"]
[Black "Farkas,R"]
[Result "1/2-1/2"]
[WhiteElo "2048"]
[BlackElo "2047"]
[WhiteFideId "14002280"]
[BlackFideId "703850"]
[EventDate "2012.02.04"]

1. e4 c5 2. Nf3 e6 3. d4 cxd4 4. Nxd4 a6 5. Be3 Nf6 6. Nc3 Qc7 7. Bd3 Bb4 8. Ne2
d5 9. O-O dxe4 10. Nxe4 Nbd7 11. N2g3 Be7 12. c3 Nxe4 13. Nxe4 Nf6 14. Qf3 Nxe4
15. Bxe4 f5 16. Bc2 O-O 17. Bf4 Bd6 18. Bxd6 Qxd6 19. Rad1 Qc7 20. Rfe1 Kh8 21.
Qe3 Bd7 22. Qe5 Qxe5 23. Rxe5 Rf7 24. Bb3 Re7 25. f4 h6 26. Rde1 Rae8 27. Kf2 g5
28. g3 Kg7 29. Bd5 b6 30. Bf3 Kf6 31. Rd1 gxf4 32. gxf4 b5 33. Rd6 Bc8 34. Re1
Rd7 35. Rxd7 Bxd7 36. Rd1 Bc8 37. a4 bxa4 38. Rd4 e5 39. fxe5+ Rxe5 40. Rxa4 a5
41. b4 axb4 42. cxb4 Rb5 43. Bc6 Rb6 44. b5 Bb7 45. Bxb7 Rxb7 46. Rb4 Rb6 47.
Rb1 Ke6 48. Kf3 Ke5 49. Ke3 f4+ 50. Kf3 Kd4 51. Kxf4 Kd3 52. Rd1+ Kc4 53. Rc1+
Kd5 54. Rb1 Kd4 55. Kg4 Kd3 56. Kh5 Ke4 57. h4 Kf4 58. Rb2 Kg3 59. Rb4 Kf3 60.
Rb2 Kg3 61. Rb1 Kf3 62. Rg1 Kf4 63. Rg6 Rxb5+ 64. Kxh6 Rb7 65. h5 1/2-1/2

[Event "FSFMB February"]
[Site "Budapest HUN"]
[Date "2012.02.04"]
[Round "1.2"]
[White "Lukacs,Albert"]
[Black "Annageldiyev,Ashirgeldi"]
[Result "0-1"]
[WhiteElo "1739"]
[BlackElo "1816"]
[WhiteFideId "767190"]
[BlackFideId "14000342"]
[EventDate "2012.02.04"]

1. e4 c5 2. Nf3 d6 3. d4 cxd4 4. Nxd4 Nf6 5. Nc3 a6 6. Bg5 e6 7. Be2 Be7 8. Qd2
Nbd7 9. f3 Qc7 10. Rd1 b5 11. a3 Bb7 12. O-O Rc8 13. Kh1 O-O 14. Qe1 Qc5 15. Bh4
h6 16. f4 g5 17. fxg5 Nxe4 18. gxh6 Bxh4 19. Qxh4 Qg5 20. Qxg5+ Nxg5 21. Nf3
Nxf3 22. Bxf3 d5 23. Bh5 Ne5 24. Rd4 Rc4 25. Rxc4 Nxc4 26. h7+ Kxh7 27. Rxf7+
Rxf7 28. Bxf7 d4 29. Nd1 e5 30. a4 e4 31. Kg1 e3 32. Bh5 bxa4 33. Kf1 Nxb2 34.
Nxe3 dxe3 35. Bf7 Nd1 36. Ke2 Nc3+ 37. Kxe3 a3 38. Kd2 a2 39. Bxa2 Nxa2 40. c3
Bxg2 41. Kc2 Bd5 42. Kd3 Bb3 43. Kd4 a5 44. c4 a4 45. c5 a3 46. c6 Nb4 47. c7 a2
48. c8=Q a1=Q+ 49. Ke3 Qe1+ 50. Kf4 Nd5+ 51. Kg5 Qe3+ 52. Kh4 Qf2+ 53. Kh5 0-1

[Event "FSFMB February"]
[Site "Budapest HUN"]
[Date "2012.02.04"]
[Round "1.4"]
[White "Kormos,Ladislav"]
[Black "Somogyi,Akos"]
[Result "0-1"]
[WhiteElo "1748"]
[BlackElo "1272"]
[WhiteFideId "14927322"]
[BlackFideId "763330"]
[EventDate "2012.02.04"]

1. e4 e5 2. d4 d6 3. dxe5 dxe5 4. Qxd8+ Kxd8 5. Bc4 f5 6. Nc3 Nf6 7. Bg5 Be7 8.
O-O-O+ Ke8 9. exf5 Bxf5 10. Bxf6 Bxf6 11. Nf3 Nc6 12. Rhe1 Rd8 13. Nd5 Rd7 14.
Nxf6+ gxf6 15. Rxd7 Kxd7 16. Nh4 Bg6 17. f4 Re8 18. fxe5 Nxe5 19. Bb3 c6 20. Rf1
Rf8 21. Nf5 Bf7 22. Bxf7 Rxf7 23. Kd2 Ke6 24. b3 Rd7+ 25. Ke2 b5 26. c3 Rd5 27.
Nd4+ Ke7 28. Nxc6+ Nxc6 29. Rf4 Re5+ 30. Kf3 Ke6 31. a4 Rd5 32. axb5 Rxb5 33. b4
a5 34. bxa5 Rxa5 35. Rh4 h5 36. g4 hxg4+ 37. Rxg4 Ne5+ 0-1

[Event "FSFMB February"]
[Site "Budapest HUN"]
[Date "2012.02.05"]
[Round "2.1"]
[White "Gruz,J"]
[Black "Csetneki,M"]
[Result "1-0"]
[WhiteElo "1865"]
[BlackElo "1775"]
[WhiteFideId "703710"]
[BlackFideId "748498"]
[EventDate "2012.02.04"]

1. e4 e5 2. Nf3 Nf6 3. d3 d6 4. Be2 Nc6 5. O-O Be7 6. Nbd2 O-O 7. c3 d5 8. Qc2
d4 9. a3 Bg4 10. h3 Bxf3 11. Nxf3 Qd7 12. b4 a6 13. Bb2 Rfd8 14. Rfd1 b5 15.
Rac1 Ne8 16. c4 a5 17. cxb5 Nb8 18. a4 axb4 19. Nxe5 Qe6 20. Nf3 Bf6 21. Nd2 Bg5
22. Bg4 Qe7 23. Qb3 g6 24. Rc4 h5 25. Bf3 Bxd2 26. Rxd2 Qe6 27. Qxb4 Qd6 28.
Qxd6 Nxd6 29. Rxd4 Nd7 30. e5 Nf5 31. Rxd7 1-0

[Event "FSFMB February"]
[Site "Budapest HUN"]
[Date "2012.02.05"]
[Round "2.2"]
[White "Somogyi,Akos"]
[Black "Bohus,Adam"]
[Result "0-1"]
[WhiteElo "1272"]
[BlackElo "1693"]
[WhiteFideId "763330"]
[BlackFideId "759627"]
[EventDate "2012.02.04"]

1. e4 e5 2. Nf3 Nc6 3. Bb5 a6 4. Bxc6 dxc6 5. O-O Bg4 6. d3 f6 7. h3 Bh5 8. g4
Bg6 9. Nc3 Qd7 10. d4 Bd6 11. dxe5 fxe5 12. Bg5 Nf6 13. Bxf6 gxf6 14. Nh4 O-O-O
15. Ng2 h5 16. f4 hxg4 17. Ne3 Rxh3 18. Qxg4 Qxg4+ 19. Nxg4 Rg3+ 20. Kf2 Rxg4
21. f5 Bf7 22. Kf3 Rf4+ 23. Ke2 Bc4+ 24. Kd2 Bb4+ 25. Kc1 Rxf1+ 0-1

[Event "FSFMB February"]
[Site "Budapest HUN"]
[Date "2012.02.05"]
[Round "2.4"]
[White "Annageldiyev,Ashirgeldi"]
[Black "Czipp,J"]
[Result "1-0"]
[WhiteElo "1816"]
[BlackElo "1422"]
[WhiteFideId "14000342"]
[BlackFideId "739294"]
[EventDate "2012.02.04"]

1. e4 g6 2. d4 Bg7 3. Nc3 d6 4. f4 Nf6 5. Nf3 O-O 6. Bd3 Bg4 7. Be3 Nbd7 8. Qe2
c5 9. e5 Ne8 10. O-O-O Rc8 11. h3 Bxf3 12. gxf3 cxd4 13. Bxd4 Nc5 14. Bc4 e6 15.
Ne4 Nxe4 16. fxe4 Bh6 17. Be3 Qh4 18. exd6 Rd8 19. d7 Nc7 20. Qg4 Qe7 21. h4 e5
22. h5 Qf6 23. hxg6 Bg7 24. gxf7+ Kh8 25. f5 Rxf7 26. Qg6 Qxg6 27. fxg6 1-0

[Event "FSFMB February"]
[Site "Budapest HUN"]
[Date "2012.02.05"]
[Round "2.5"]
[White "Mayer,I"]
[Black "Lukacs,Albert"]
[Result "1-0"]
[WhiteTitle "FM"]
[WhiteElo "2069"]
[BlackElo "1739"]
[WhiteFideId "700908"]
[BlackFideId "767190"]
[EventDate "2012.02.04"]

1. e4 e6 2. d4 b6 3. c4 Bb7 4. Nc3 Bb4 5. d5 exd5 6. exd5 Qf6 7. Bd2 Ne7 8. Nf3
O-O 9. Bd3 Re8 10. O-O Na6 11. a3 Bxc3 12. Bxc3 Qh6 13. b4 b5 14. cxb5 Nb8 15.
Re1 Bxd5 16. Be4 c6 17. Bxd5 cxd5 18. Qxd5 Nbc6 19. Qxd7 Rad8 20. Qc7 Rc8 21.
Qg3 Nd8 22. Nd4 Nb7 23. Rxe7 1-0

[Event "FSFMB February"]
[Site "Budapest HUN"]
[Date "2012.02.06"]
[Round "3.1"]
[White "Lukacs,Albert"]
[Black "Gruz,J"]
[Result "0-1"]
[WhiteElo "1739"]
[BlackElo "1865"]
[WhiteFideId "767190"]
[BlackFideId "703710"]
[EventDate "2012.02.04"]

1. e4 c5 2. Nf3 d6 3. d4 cxd4 4. Nxd4 Nf6 5. Nc3 a6 6. a4 e5 7. Nf3 Qc7 8. a5
Nc6 9. Bg5 Be6 10. Nd5 Bxd5 11. exd5 Ne7 12. c4 h6 13. Be3 Nd7 14. Qa4 Nc8 15.
Bd3 g6 16. Rc1 Bg7 17. c5 O-O 18. cxd6 Qxd6 19. O-O Ne7 20. Qh4 Nf5 21. Qh3 Nxe3
22. fxe3 Nc5 23. Bb1 e4 24. b4 Nb3 25. Rcd1 exf3 26. Ba2 fxg2 27. Qxg2 Na1 28.
Rxa1 Bxa1 29. Rxa1 Qe5 30. Rf1 Qxe3+ 31. Kh1 Qe5 32. d6 Qxd6 33. Qxb7 Kh8 34.
Rxf7 Rxf7 0-1

[Event "FSFMB February"]
[Site "Budapest HUN"]
[Date "2012.02.06"]
[Round "3.2"]
[White "Czipp,J"]
[Black "Mayer,I"]
[Result "0-1"]
[BlackTitle "FM"]
[WhiteElo "1422"]
[BlackElo "2069"]
[WhiteFideId "739294"]
[BlackFideId "700908"]
[EventDate "2012.02.04"]

1. d4 d5 2. c4 dxc4 3. Nc3 a6 4. a4 Nc6 5. e3 Na5 6. Nf3 Nf6 7. Nd2 e5 8. Nxc4
exd4 9. Qxd4 Qxd4 10. exd4 Nb3 11. Rb1 Bf5 12. Kd1 Bxb1 13. Nxb1 Nxc1 14. Kxc1
O-O-O 15. Ne5 Rxd4 16. Bc4 Bd6 17. Re1 Bxe5 18. Bxf7 Bd6 19. b3 Rf8 20. Be6+ Kb8
21. Bc4 Bxh2 22. f3 Bg3 23. Re2 Rfd8 24. Kb2 Nd7 25. Na3 Ne5 26. Rc2 0-1

[Event "FSFMB February"]
[Site "Budapest HUN"]
[Date "2012.02.06"]
[Round "3.3"]
[White "Kormos,Ladislav"]
[Black "Annageldiyev,Ashirgeldi"]
[Result "0-1"]
[WhiteElo "1748"]
[BlackElo "1816"]
[WhiteFideId "14927322"]
[BlackFideId "14000342"]
[EventDate "2012.02.04"]

1. e4 c5 2. Nc3 d6 3. f4 Nf6 4. Nf3 e6 5. a3 a6 6. Bc4 Be7 7. O-O O-O 8. Qe1 b5
9. Ba2 Bb7 10. d3 Nc6 11. Qg3 Nh5 12. Qh3 g6 13. g4 Nf6 14. f5 exf5 15. gxf5 Qd7
16. Ng5 Kg7 17. Nd5 Nh5 18. Nb6 Qd8 19. Nxa8 Bxg5 20. f6+ Bxf6 21. Nb6 Bd4+ 22.
Kh1 Qxb6 23. Qd7 Ne5 24. Qe7 Qd8 25. Qxb7 Qh4 26. Kg2 Qg4+ 27. Kh1 Ng3+ 28. hxg3
Qh3# 0-1

[Event "FSFMB February"]
[Site "Budapest HUN"]
[Date "2012.02.07"]
[Round "4.1"]
[White "Gruz,J"]
[Black "Somogyi,Akos"]
[Result "1-0"]
[WhiteElo "1865"]
[BlackElo "1272"]
[WhiteFideId "703710"]
[BlackFideId "763330"]
[EventDate "2012.02.04"]

1. e4 e5 2. Nf3 Nc6 3. Be2 Nf6 4. d3 Bc5 5. h3 O-O 6. O-O d5 7. Nbd2 dxe4 8.
dxe4 Be6 9. c3 Qd7 10. Qc2 Nh5 11. Nc4 f6 12. b4 b5 13. Ne3 Bxe3 14. Bxe3 a6 15.
Rfd1 Qc8 16. Kh2 Rd8 17. Rxd8+ Qxd8 18. Rd1 Qe8 19. a4 Bc4 20. Bxc4+ bxc4 21.
Qe2 Qf7 22. Rd5 a5 23. Qxc4 Qe8 24. Rxa5+ Kh8 25. Rxa8 Qxa8 26. a5 h6 27. a6 g5
28. b5 Nd8 29. Qxc7 Ng7 30. a7 Nge6 31. Qb8 Qxb8 32. axb8=Q Kg7 33. Bb6 Nf7 34.
Qe8 Nd6 35. Qxe6 Nxe4 36. Nxe5 fxe5 37. Qxe5+ Kf7 38. Qxe4 Kg8 39. Qe7 Kh8 40.
Bd4+ Kg8 41. Qg7# 1-0

[Event "FSFMB February"]
[Site "Budapest HUN"]
[Date "2012.02.07"]
[Round "4.3"]
[White "Annageldiyev,Ashirgeldi"]
[Black "Bohus,Adam"]
[Result "1-0"]
[WhiteElo "1816"]
[BlackElo "1693"]
[WhiteFideId "14000342"]
[BlackFideId "759627"]
[EventDate "2012.02.04"]

1. e4 e5 2. Nf3 Nc6 3. Bb5 a6 4. Ba4 Nf6 5. O-O Be7 6. Re1 b5 7. Bb3 d6 8. c3
O-O 9. h3 Na5 10. Bc2 c5 11. b3 Nc6 12. Bb2 Re8 13. d4 Bf8 14. d5 Ne7 15. c4 Bd7
16. Nbd2 Ng6 17. Nf1 Qc7 18. Ne3 Reb8 19. a3 Nf4 20. h4 Re8 21. g3 Ng6 22. Kg2
Ng4 23. Nf5 h5 24. Nh2 Nf6 25. g4 hxg4 26. Nxg4 Nxh4+ 27. Kh3 Nxg4 28. Qxg4 Ng6
29. Kg3 Nf4 30. Rh1 g6 31. Bc1 Bxf5 32. exf5 Bg7 33. Bxf4 exf4+ 34. Kf3 Qe7 1-0

[Event "FSFMB February"]
[Site "Budapest HUN"]
[Date "2012.02.07"]
[Round "4.5"]
[White "Lukacs,Albert"]
[Black "Czipp,J"]
[Result "1-0"]
[WhiteElo "1739"]
[BlackElo "1422"]
[WhiteFideId "767190"]
[BlackFideId "739294"]
[EventDate "2012.02.04"]

1. e4 g6 2. d4 Bg7 3. Bc4 d6 4. Nf3 e5 5. dxe5 Bg4 6. Bxf7+ Kf8 7. h3 Bxe5 8.
hxg4 Bf6 9. Bxg8 Kxg8 10. e5 Qe7 11. Qd5+ Kf8 12. Bh6+ Ke8 13. Nc3 Nc6 14. O-O-O
dxe5 15. g5 Rd8 16. gxf6 Qxf6 17. Qxd8+ Nxd8 18. Bg5 Qg7 19. Rxd8+ Kf7 1-0